| 000 | 00603nam a2200193Ia 4500 | ||
|---|---|---|---|
| 008 | 151121s9999||||xx |||||||||||||| ||und|| | ||
| 082 | _a811/धोंड | ||
| 082 | _bHNW-12675 | ||
| 100 | _aधोंड म। वा। | ||
| 245 | _aमअहाटी लावणी | ||
| 260 | _b"मौज प्रकाशन गृह, मुंबई।" | ||
| 260 | _c-- | ||
| 300 | _a241 | ||
| 600 | _aधोंड म। वा। | ||
| 630 | _aमअहाटी लावणी | ||
| 700 | _aधोंड म। वा। | ||
| 730 | _aमअहाटी लावणी | ||
| 942 | _cBOOK | ||
| 999 |
_c1217071 _d1217068 |
||